The arya samaj: (Record no. 159641)

MARC details
000 -LEADER
fixed length control field 00698nam a22002057a 4500
005 - DATE AND TIME OF LATEST TRANSACTION
control field 20181227123813.0
010 ## - LCCN (DPL NO)
LC control number ENG-124603
020 ## - INTERNATIONAL STANDARD BOOK NUMBER
International Standard Book Number 9789352660049
Terms of availability 400.00
035 ## - SYSTEM CONTROL NUMBER
System control number EN-108135
037 ## - SOURCE OF ACQUISITION
Source of stock number/acquisition DBAD/PUB
082 ## - DEWEY DECIMAL CLASSIFICATION NUMBER
Classification number 238
100 ## - MAIN ENTRY--PERSONAL NAME
Personal name Rai, Lala Lajpat
245 ## - TITLE STATEMENT
Title The arya samaj:
Statement of responsibility, etc by Lala Lajpat Rai; preface by Sidney Webb.
Remainder of title an account of its origin doctrines, and activities, with a biographical sketch of the founder/
260 ## - PUBLICATION, DISTRIBUTION, ETC. (IMPRINT)
Place of publication, distribution, etc New Delhi
Name of publisher, distributor, etc Prabhat Prakashan
Date of publication, distribution, etc 2017
270 ## - ADDRESS
Address 4/19, Asaf Ali Road,
City New Delhi
Postal code 110002
300 ## - PHYSICAL DESCRIPTION
Extent 230p.
Dimensions 21cm.(Hb)
500 ## - GENERAL NOTE
General note It includes bibliography
700 ## - ADDED ENTRY--PERSONAL NAME
Personal name Sidney Webb.
942 ## - ADDED ENTRY ELEMENTS (KOHA)
Source of classification or shelving scheme Dewey Decimal Classification
Item type English Books
Call number suffix RAI
Classification part 238
Holdings
Withdrawn status Lost status Not for loan Collection code Home library Current library Date acquired Source of acquisition Cost, normal purchase price Full call number Barcode Copy number Cost, replacement price Koha item type
    Not For Loan Non-fiction D.B.Act.Division Bawana 27/12/2018 DBAD/PUB 400.00 238 RAI EN-108135 1 400.00 English Books

© Delhi Public Library
Hit Counter
free hit counter